Дело о некоторых изменениях, предположенных по сметам Министерства народного просвещения на 1871 и 1873 годы

Доступно только в Электронных читальных залах Найти на картеНа карте
RUSMARC
00004071nmc2a22002653x 450
001bee146be-9085-4f43-890d-e9129c188643
00520230424210331.0
100##$a20221110l18701880k l0rusy0189 ca
1010#$arus
102##$aRU
105##$ay###
1222#$ad
2001#$aДело о некоторых изменениях, предположенных по сметам Министерства народного просвещения на 1871 и 1873 годы
$j13 июня 1870 г. - 4 августа 1880 г.
215##$a233 л.
$d36,5х26 см
251##$cДело
300##$aДело
300##$aОриг. заголовок дела: Дело о некоторых изменениях, предположенных по смете Министерства народного просвещения за разные годы. 13 июня 1870 г. - 4 августа 1880 г
371##$aДокумент не является опубликованным и широко распространяемым
461#0$1001a74412a3-3cc5-4d21-8f0a-dfe2fbd9e72d
$12001
$aДепартамент народного просвещения Министерства народного просвещения (1803-1917)
$1251
$cФонд
$1852
$j733
462#0$100168ef73bb-909a-4bc7-ae4f-3def6f15d095
$12001
$aСчетный разряд. Сметный стол
$1251
$cОпись
$1852
$j214
5171#$aДело о некоторых изменениях, предположенных по смете Министерства народного просвещения за разные годы. 13 июня 1870 г. - 4 августа 1880 г
801#0$aRU
$bРГИА
$c20221110
$gRCR
801#1$aRU
$bГлавНИВЦ
$c20221110
$2rusmarc
801#2$aRU
$bПБ им. Б.Н. Ельцина
$c20230424
$gRCR
$2rusmarc
850##$aРГИА
852##$aРГИА
$eФедеральное казенное учреждение "Российский государственный исторический архив" (РГИА)
$j32
937##$hРГИА
$d12393950
$aASBIBLIO_SCAN
035##$aRusGRCC00055826
856##$uhttp://readingroom.main.prlib.ru/item.aspx?id_node=n184849478&mode=full
Формат отображения